01355nam a22001817a 4500003000400000005001700004008004100021082001600062100002000078245006700098250001500165260006400180300003200244490006000276520071200336650010501048700002001153OSt20260406093138.0260406b |||||||| |||| 00| 0 esp d 29586771210  aZamora Editores aBiblioteca Práctica de Consulta del Nuevo Milenio Biología aVolumen 7  a Bogotá, Colombia.b Zamora Editores Ltda..c 2000 - 2001 a252 páginasc 21 x 14 cm. 3Tapa de cartulina rústica con plastificado brillante. aEste volumen es un compendio visual y educativo sobre las ciencias biológicas, estructurado para cubrir los temas esenciales del programa escolar: La Célula: Estudio detallado de la estructura celular, organelos, funciones vitales y procesos de división (mitosis y meiosis). Genética: Introducción a las leyes de Mendel, el ADN, la herencia y la biotecnología. Reinos de la Naturaleza: Clasificación de los seres vivos, desde microorganismos hasta plantas y animales complejos. Anatomía y Fisiología Humana: Sistemas del cuerpo (digestivo, circulatorio, nervioso, etc.) y su funcionamiento. Ecología: Conceptos sobre ecosistemas, cadenas alimenticias y preservación del medio ambiente. aBiología.xEstudio y enseñanza / Manuales / Problemas, ejercicios, etc.ySiglo XXI. z Colombia  aZamora Editores